[Event "Ch Germany (juniors) (Internet) (under 14) (final)"]
[Site "masterchessopen.com Internet"]
[Date "2012.09.15"]
[Round "1"]
[White "Donchenko Alexander (GER)"]
[Black "Herbrig Alexander"]
[Result "1-0"]
[WhiteElo "2305"]
[BlackElo "1716"]

1.d4 Nf6 2.c4 e6 3.Nf3 b6 4.g3 Bb7 5.Bg2 Bb4+ 6.Bd2 Be7 7.O-O O-O 8.Nc3 d5
9.cxd5 Nxd5 10.Nxd5 Bxd5 11.Qc2 Nd7 12.Rfd1 c5 13.e4 Bb7 14.Bc3 Qc7 15.d5 exd5
16.exd5 Bd6 17.Ng5 g6 18.Qa4 Ne5 19.Qh4 h5 20.Ne4 Rad8 21.f4 Be7 22.Bxe5 Qxe5
23.fxe5 Bxh4 24.gxh4 Rfe8 25.Nf6+ Kg7 26.Nxe8+ Rxe8 27.d6 {#r} 1-0

[Event "Cup R.Nezhmetdinov (open)"]
[Site "masterchessopen.com Kazan (Russia)"]
[Date "2012.09.26"]
[Round "1"]
[White "Burmakin Vladimir (RUS)"]
[Black "Gerasimov Ivan (RUS)"]
[Result "1-0"]
[WhiteElo "2579"]
[BlackElo "2308"]

1.Nf3 Nf6 2.c4 e6 3.g3 b6 4.Bg2 Bb7 5.d4 Bb4+ 6.Bd2 a5 7.O-O Bxd2 8.Qxd2 O-O
9.Rd1 d6 10.Qd3 Nbd7 11.Nc3 Re8 12.Rac1 Qe7 13.e4 e5 14.d5 Nc5 15.Qc2 c6
16.dxc6 Bxc6 17.Ne1 Red8 18.Qe2 Qb7 19.f3 Ne8 20.Rd2 Qe7 21.Nc2 Qg5 22.Rcd1 h5
23.Qf2 Rab8 24.Ne3 Kf8 25.f4 Qe7 26.Qf3 g6 27.Ned5 Bxd5 28.Nxd5 Qa7 29.f5 Kg7
30.Rf2 Nc7 31.Ne7 Rd7 32.fxg6 {#r} 1-0

[Event "Ch Central Serbia (team)"]
[Site "masterchessopen.com Vrnjacka Banja (Serbia)"]
[Date "2012.09.29"]
[Round "1"]
[White "Rajkovic Dusan (SRB)"]
[Black "Cvetanovic Uros (SRB)"]
[Result "1-0"]
[WhiteElo "2409"]
[BlackElo "2229"]

1.d4 Nf6 2.c4 e6 3.Nf3 b6 4.g3 Bb7 5.Bg2 Bb4+ 6.Nbd2 O-O 7.O-O Bxd2 8.Qxd2 d6
9.b3 Nbd7 10.Bb2 Qe7 11.Rad1 Ne4 12.Qe3 f5 13.Ng5 Ndf6 14.Nh3 d5 15.Nf4 Rae8
16.Qc1 dxc4 17.Ba3 c5 18.dxc5 bxc5 19.Qxc4 Bd5 20.Qc2 Rc8 21.Rc1 Nd7 22.Rfd1
Ba8 23.Qc4 Rf6 24.f3 g5 25.Nh5 Rh6 26.fxe4 Rxh5 27.exf5 Rh6 28.Bxa8 Nb6
29.Bxc5 Qf7 30.Qg4 exf5 31.Qxg5+ Rg6 32.Rd8+ {#r} 1-0